| 000 | 00860nam a2200217 a 4500 | ||
|---|---|---|---|
| 003 | 0 | ||
| 005 | 20250320130611.0 | ||
| 008 | 060802s19uu xx 00 eng d | ||
| 050 |
_aPGS BF 723.S3.A33 _b.Om55 2006 |
||
| 100 | _aOmillo, Ashnelle E. | ||
| 245 |
_aEffects of self-esteem and academic performance of selected grade 6 lower school students / _cAshnelle E. Omillo. |
||
| 260 |
_aLas PiƱas City, Philippines : _bSouthville International School and Colleges, _c2006. |
||
| 300 |
_a44 pages : _billustrations ; _c28 cm. |
||
| 504 | _aIncludes bibliographical references. | ||
| 650 | _aSelf-esteem in children. | ||
| 650 |
_aAcademic achievement _vPsychological aspects. |
||
| 650 | _aSelf-perception and learning. | ||
| 650 | _aStudent motivation and academic success. | ||
| 650 |
_aChild psychology _vEducational impact. |
||
| 942 |
_2lcc _cPASS |
||
| 999 |
_c97529 _d97529 |
||